| 000 | 01025nam a2200205Ia 4500 | ||
|---|---|---|---|
| 008 | 240822s9999 xx 000 0 und d | ||
| 020 |
_a9780367467753 _qhbk |
||
| 041 | _aeng | ||
| 082 |
_a005.8 _bACH |
||
| 100 | _aAchary, Rathnakar | ||
| 245 | 0 |
_aCloud reliability engineering _c/ Rathnakar Achary _btechnologies and tools |
|
| 250 | _a1st ed. | ||
| 260 |
_bCRC Press _cc2021 _aMilton : |
||
| 300 |
_axiv, 338 p. : _bill. _c23 cm. |
||
| 504 | _aindex | ||
| 520 | _aCloud reliability engineering is a leading issue of cloud services. Cloud service providers guarantee computation, storage, and applications through service-level agreements for promised levels of performance and uptime. Cloud Reliability Engineering: Technolgies and Tools presents case studies examining cloud services, their challenges, and the reliability mechanisms used by cloud service providers. | ||
| 650 | _aReliability (Engineering); Cloud computing; Cloud computing Examination Study guides | ||
| 700 | _aPethuru Raj | ||
| 942 | _cENGLISH | ||
| 999 |
_c529000 _d529000 |
||